| 000 | 00349nam a22001457a 4500 | ||
|---|---|---|---|
| 008 | 210310b ||||| |||| 00| 0 eng d | ||
| 020 | _a9780135142639 | ||
| 041 | _aeng | ||
| 080 |
_27th _a610.73 |
||
| 082 | _a610.73 | ||
| 100 | _a2 | ||
| 101 | _aINF | ||
| 245 |
_aEffective Leadership and Management in Nursing _cSullivan,E.J |
||
| 942 |
_2udc _cBK |
||
| 999 |
_c56161 _d56161 |
||